Couleur des passeports #1 - Statistiques

Statistiques générales
  • Ce quiz a été pris 36 fois
  • Le résultat moyen est 11 sur 12
Statistiques - réponses
Pays Couleur % Correct
Afrique du Sud vert
97%
Norvège rouge
94%
Canada bleu
91%
Brésil bleu
88%
Venezuela bleu
88%
Danemark rouge
88%
Tunisie vert
88%
Egypte vert
88%
Italie rouge
85%
Nouvelle-Zélande noir
82%
Oman rouge
79%
Singapour rouge
79%
Aucun quiz correspondant
Distribution des résultats
% des personnes avec chaque résultat
Percentile par nombre de réponses
Votre historique - résultats
Vous n’avez pas pris ce quiz